| 000 | 00584nam a2200169 i 4500 | ||
|---|---|---|---|
| 001 | 64371 | ||
| 003 | ES-MaACL | ||
| 005 | 20230906165120.0 | ||
| 007 | t| | ||
| 008 | 031223s1982 sp ||||1| spa d | ||
| 100 | 1 |
_aFoa, Sandra M. _951383 |
|
| 245 | 1 | 0 |
_aFeminismo y forma narrativa _b: estudio del tema y las técnicas de María de Zayas y Sotomayor / _cSandra M. Foa. |
| 260 |
_a[Valencia] : _bAlbatros Hispanófila, _c[1979] |
||
| 300 |
_a191 p. ; _c24 cm. |
||
| 600 | 1 | 4 |
_aZayas y Sotomayor, María de- _xCrítica e interpretación. _9144625 |
| 852 |
_aES-MaACL _jA-10555 _bR.99629 |
||
| 999 |
_c64371 _d64371 |
||